Estudio jurisprudencial de los poderes del juez civil en materia probatoria
Wedi'i Gadw mewn:
| Prif Awdur: | |
|---|---|
| Fformat: | Llyfr |
| Iaith: | Sbaeneg |
| Cyhoeddwyd: |
Madrid
Instituto Vasco de Derecho Procesal
2006
|
| Pynciau: | |
| Tagiau: |
Ychwanegu Tag
Dim Tagiau, Byddwch y cyntaf i dagio'r cofnod hwn!
|
MARC
| LEADER | 00000cam a2200000 a 4500 | ||
|---|---|---|---|
| 001 | UCJ1862 | ||
| 003 | CL-VaPUC | ||
| 008 | 061117e20060000SP |||||||||||||||||spa|d | ||
| 020 | |a 8487108350 | ||
| 082 | 0 | 4 | |a 347.46 |b LOR |2 21 |
| 100 | |a Lorca Navarrete, Antonio María |e autor |9 603872 | ||
| 245 | 1 | 0 | |a Estudio jurisprudencial de los poderes del juez civil en materia probatoria |
| 300 | |a 108 p | ||
| 942 | |c BK | ||
| 945 | |d 20061117 00:00:00 |a jtorresc | ||
| 260 | |a Madrid |b Instituto Vasco de Derecho Procesal |c 2006 | ||
| 650 | 0 | |a Jueces |9 256162 | |
| 650 | 0 | |a Poder judicial |9 254871 | |
| 650 | 0 | |a Jurisprudencia |9 255952 | |
| 651 | 0 | |a España |9 254926 | |
| 583 | |a last modification |c 20150831 03:27:16 |k Rodrigo Vera | ||
| 999 | |c 318295 |d 318293 | ||
| 952 | |0 0 |1 0 |4 0 |6 347_460000000000000_LOR_2006 |7 0 |8 A |9 396019 |a BIBDER |b BIBDER |d 2019-11-22 |i 4259483 |o 347.46 LOR 2006 |p 4259483 |r 2023-01-25 |w 2019-11-22 |y BK |k DER | ||
| 952 | |0 0 |1 0 |3 erb |4 0 |6 347_460000000000000_LOR_2006 |7 0 |8 A |9 396020 |a BIBDER |b BIBDER |i 5196493 |o 347.46 LOR 2006 |p 5196493 |r 2023-01-25 |w 2019-11-22 |y BK |z Catalogado en:20150904 |k DER | ||